000 00972nam a22002057a 4500
999 _c10377
_d10377
003 AR-CdUCM
008 190401b ||||| |||| 00| 0 spa d
040 _aMUNICIPALIDAD PROVINCIAL DEL CUSCO
_cBIBLIOTECA MUNICIPAL DEL CUSCO
082 _a379.285 /
_bAM53 /1958
100 _aAmes Gonzales, Edmundo
_927191
245 _aLas ideas pedagógicas de Bartolome Herrera :
_bPrimera contribución para dar la educación peruana contenido filosófico /
260 _aLima :
_bTalleres de la CIA,
_c1958.
300 _a65 paginas ;
_c18 cm.
505 _aContenido :Monumento erigido a Bartolome Herrera -- Bartolome Herrera y su tiempo -- La cultura y el carácter sacerdotal de Herrera -- Realción entre las ideas políticas y pedagógicas de Herrera -- Las fundamentales ideas pedagógicas herrerianas ....
650 _aBartolome Herrera
_916971
650 _aIdeas pedagogicas
_927192
650 _aEducación peruana
_93585
942 _2ddc
_cLIBROS
945 _awnts